College Football Sudden Death by State: North Carolina - Statistics

General Stats
  • This quiz has been taken 82 times
  • The average score is 6 of 14
Answers on the Grid
Answers color-coded by a green-red scale on the quiz's grid according to % correct below.
 
Answer Stats
Answer % Correct
University of North Carolina
(Chapel Hill, NC)
78%
Duke University
(Durham, NC)
69%
Wake Forest University
(Winston-Salem, NC)
62%
East Carolina University
(Greenville, NC)
62%
North Carolina State University
(Raleigh, NC)
58%
University of North Carolina-Charlotte
(Charlotte, NC)
53%
North Carolina A&T State University
(Greensboro, NC)
53%
Appalachian State University
(Boone, NC)
49%
Elon University
(Elon, NC)
36%
Campbell University
(Buies Creek, NC)
29%
Western Carolina University
(Cullowhee, NC)
24%
North Carolina Central University
(Durham, NC)
22%
Davidson University
(Davidson, NC)
20%
Gardner-Webb University
(Boiling Springs, NC)
20%
No matching quizzes found
Score Distribution
Percent of People with Each Score
Percentile by Number Answered
Your Score History
You have not taken this quiz